000 01418nam a22002417a 4500
999 _c60094
_d60094
003 Ge_BSU
005 20230608101948.0
008 230608s2011 ge ||||| |||| 00| 0 geo d
020 _a9789941424397
041 _ageo
080 _a903.5(395.3) მ-15
100 _aმათიაშვილი, ნანა
_918403
245 _aელინისტური ხანის სამარხები კოლხეთის ნაქალაქარებიდან = Hellenistic burials from the Colchian city-sites /
_cნანა მათიაშვილი; [რედ. მერი ინაძე]; საქ. ეროვნ. მუზეუმი, ოთარ ლორთქიფანიძის არქეოლ. ცენტრი.
264 _aთბილისი :
_bმწიგნობარი,
_c2011.
300 _a76გვ. :
_bტაბ., რუკა ;
_c20სმ.
501 _aტაბულები: გვ. 41-75.
504 _aბიბლიოგრ.: გვ. 37-40.
520 _aრეზ. ინგლ.
653 _aსამარხები საქართველოში
700 _aინაძე, მერი
_eრედაქტორი
_917458
710 _a საქ. ეროვნ. მუზეუმი
_bოთარ ლორთქიფანიძის არქეოლ. ცენტრი.
_918556
942 _2udc
_cBK